| 000 | 00949cam a22002774a 4500 | ||
|---|---|---|---|
| 999 |
_c4706 _d4706 |
||
| 001 | 15415192 | ||
| 003 | GZU | ||
| 005 | 20210317104927.0 | ||
| 008 | 080816s2009 caua b 000 0 eng | ||
| 010 | _a 2007904192 | ||
| 020 | _a9780495553342 (pbk. : student ed.) | ||
| 020 | _a0495553344 (pbk. : student ed.) | ||
| 040 |
_aDLC _cDLC _dDLC |
||
| 050 | 0 | 0 |
_aRC465 _b.COR 2009 |
| 100 | 1 |
_aCorey, Gerald. _eauthor |
|
| 245 | 1 | 0 |
_aCase approach to counseling and psychotherapy / _cGerald Corey |
| 250 | _a7th ed. | ||
| 260 |
_aBelmont, CA : _bThomson-Brooks/Cole, _cc2009. |
||
| 300 |
_axxiii, 341 p. : _bill. ; _c24 cm. |
||
| 504 | _aIncludes bibliographical references. | ||
| 650 | 0 |
_aPsychotherapy _vCase studies. |
|
| 650 | 0 |
_aCounseling _vCase studies. |
|
| 856 | 4 | 1 |
_3Table of contents only _uhttp://www.loc.gov/catdir/toc/fy1002/2007904192.html |
| 906 |
_a7 _bcbc _corigcop _d2 _eopcn _f20 _gy-gencatlg |
||
| 942 |
_2lcc _cBK _e7th ed. _h465 _iCOR _kRC |
||